[Event "CAN-op"]
[Site "Ottawa CAN"]
[Date "2007.07.14"]
[Round "9"]
[White "Atalik, Ekaterina"]
[Black "Bluvshtein, Mark"]
[Result "0-1"]
[WhiteElo "2400"]
[BlackElo "2483"]
[PlyCount "126"]
[EventDate "2007.07.07"]
[EventType "swiss"]
[EventRounds "10"]
[EventCountry "CAN"]

1. d4 Nf6 2. c4 e6 3. Nf3 c5 4. d5 exd5 5. cxd5 d6 6. Nc3 g6 7. h3 a6 8. a4 Qe7
9. g3 Bg7 10. Bg2 O-O 11. O-O Nbd7 12. Bf4 Nh5 13. Bg5 f6 14. Bd2 f5 15. Qc1
Ne5 16. Bg5 Nxf3+ 17. Bxf3 Nf6 18. h4 Qc7 19. Bh6 Bxh6 20. Qxh6 Nd7 21. h5 Ne5
22. hxg6 hxg6 23. Kg2 Qg7 24. Rh1 Bd7 25. e3 b5 26. Qxg7+ Kxg7 27. axb5 axb5
28. Be2 b4 29. Nb5 Bxb5 30. Bxb5 Rfb8 31. Be2 Nd7 32. b3 Ra3 33. Rxa3 bxa3 34.
Bc4 Ne5 35. Ra1 Nxc4 36. bxc4 Rb3 37. Kf3 Kf6 38. g4 Ke5 39. gxf5 gxf5 40. Ra2
Rc3 41. Ra1 Rxc4 42. Rxa3 Kxd5 43. Ra8 Rc2 44. Rf8 Ke6 45. Re8+ Kf7 46. Rc8 Ke7
47. Kg3 c4 48. Rc7+ Kd8 49. Ra7 c3 50. Ra3 Kd7 51. f3 Kc6 52. Kf4 Kc5 53. Kxf5
Kb4 54. Ra8 Re2 55. Rb8+ Kc4 56. Rc8+ Kd3 57. e4 c2 58. f4 Re1 59. e5 d5 60.
Ke6 d4 61. f5 c1=Q 62. Rxc1 Rxc1 63. f6 Ke4 0-1

[Event "FSGM 2007.06"]
[Site "Budapest HUN"]
[Date "2007.06.03"]
[Round "2"]
[White "Varadi, Viktor"]
[Black "Bluvshtein, Mark"]
[Result "1/2-1/2"]
[WhiteElo "2408"]
[BlackElo "2520"]
[PlyCount "54"]
[EventDate "2007.06.02"]
[EventType "tourn"]
[EventRounds "11"]
[EventCountry "HUN"]
[EventCategory "8"]
[Source "Mark Crowther"]
[SourceDate "2007.06.11"]

1. e4 c5 2. Nf3 d6 3. d4 cxd4 4. Nxd4 Nf6 5. Nc3 a6 6. Be3 e5 7. Nde2 Be6 8.
Ng3 h5 9. Be2 h4 10. Nf1 Nc6 11. Nd2 b5 12. a3 Be7 13. h3 O-O 14. Nf3 d5 15.
exd5 Nxd5 16. Nxd5 Bxd5 17. Rc1 e4 18. Nd4 Nxd4 19. Qxd4 Bf6 20. Qb4 Bc4 21.
Bxc4 bxc4 22. O-O Qc7 23. b3 Rfc8 24. Rfd1 Rab8 25. Qa4 Qc6 26. Qxc6 Rxc6 27.
b4 Bb2 1/2-1/2

[Event "FSGM 2007.06"]
[Site "Budapest HUN"]
[Date "2007.06.05"]
[Round "4"]
[White "Berczes, David"]
[Black "Bluvshtein, Mark"]
[Result "0-1"]
[WhiteElo "2442"]
[BlackElo "2520"]
[PlyCount "74"]
[EventDate "2007.06.02"]
[EventType "tourn"]
[EventRounds "11"]
[EventCountry "HUN"]
[EventCategory "8"]
[Source "Mark Crowther"]
[SourceDate "2007.06.11"]

1. d4 Nf6 2. c4 e6 3. Nc3 c5 4. d5 exd5 5. cxd5 d6 6. Nf3 g6 7. Nd2 Bg7 8. e4
O-O 9. Be2 Nbd7 10. O-O Re8 11. a4 Ne5 12. Ra3 g5 13. Qc2 a6 14. Nd1 Bd7 15. a5
g4 16. Ne3 Qe7 17. f4 gxf3 18. gxf3 Kh8 19. Kh1 Rg8 20. f4 Neg4 21. Nxg4 Nxg4
22. Bxg4 Bxg4 23. f5 Bd4 24. Nc4 Rae8 25. e5 Bxe5 26. b4 Bd4 27. Re3 Bxe3 28.
Nxe3 f6 29. Bb2 Qxe3 30. Bxf6+ Rg7 31. Qg2 Qe4 32. bxc5 Qxg2+ 33. Kxg2 Be2+ 34.
Bxg7+ Kxg7 35. Rb1 Bb5 36. cxd6 Kf6 37. Rc1 Rd8 0-1

[Event "FSGM 2007.06"]
[Site "Budapest HUN"]
[Date "2007.06.07"]
[Round "6"]
[White "Citak, Selim"]
[Black "Bluvshtein, Mark"]
[Result "1/2-1/2"]
[WhiteElo "2358"]
[BlackElo "2520"]
[PlyCount "89"]
[EventDate "2007.06.02"]
[EventType "tourn"]
[EventRounds "11"]
[EventCountry "HUN"]
[EventCategory "8"]
[Source "Mark Crowther"]
[SourceDate "2007.06.11"]

1. d4 Nf6 2. c4 e6 3. Nc3 c5 4. d5 exd5 5. cxd5 d6 6. e4 g6 7. f4 Bg7 8. Bb5+
Nfd7 9. a4 a6 10. Bc4 Qh4+ 11. g3 Qe7 12. Qe2 O-O 13. Nf3 Re8 14. Bd3 Bxc3+ 15.
bxc3 Nf6 16. O-O Nxd5 17. Re1 Nc7 18. c4 Bg4 19. Bb2 Nc6 20. h3 Nd4 21. Bxd4
Bxf3 22. Qxf3 cxd4 23. Qf2 Ne6 24. Rab1 Nc5 25. Qxd4 Nxa4 26. Bc2 Nc5 27. e5
dxe5 28. Rxe5 Ne6 29. Qe4 Qa3 30. Qd3 Qxd3 31. Bxd3 Nd4 32. Rd5 Ne2+ 33. Bxe2
Rxe2 34. Rxb7 Rc8 35. Kf1 Ra2 36. c5 a5 37. Rbd7 Kg7 38. Re5 Rc2 39. Ree7 Rf8
40. Rc7 a4 41. Ra7 Rxc5 42. Rxa4 Rc3 43. Kf2 Rb8 44. Rae4 Rbb3 45. Re3 1/2-1/2

[Event "AUS-op"]
[Site "Tuggeranong AUS"]
[Date "2006.12.28"]
[Round "1"]
[White "Bluvshtein, Mark"]
[Black "Korenevski, Oleg"]
[Result "1-0"]
[WhiteElo "2541"]
[BlackElo "2009"]
[PlyCount "89"]
[EventDate "2006.12.28"]
[EventType "swiss"]
[EventRounds "11"]
[EventCountry "AUS"]
[Source "Mark Crowther"]
[SourceDate "2007.01.15"]

1. e4 c5 2. Nf3 d6 3. d4 cxd4 4. Nxd4 Nf6 5. Nc3 g6 6. g3 Bd7 7. Bg2 Qc8 8. O-O
Bh3 9. f4 Bxg2 10. Kxg2 Nc6 11. Nb3 h5 12. h3 Bg7 13. Qe2 Nd7 14. Be3 b6 15. f5
Bxc3 16. bxc3 Nce5 17. fxg6 fxg6 18. Bd4 Qc6 19. Nd2 Rg8 20. a4 O-O-O 21. a5
Nc5 22. axb6 axb6 23. Ra7 Rd7 24. Ra2 Rc7 25. Kh2 Ncd7 26. Qe3 Nc4 27. Nxc4
Qxc4 28. Rfa1 Nc5 29. e5 Kd7 30. Ra7 Rgc8 31. exd6 exd6 32. Qf3 Qe6 33. Rxc7+
Rxc7 34. Qf1 Qe4 35. Qb5+ Qc6 36. Qe2 Qe4 37. Qf2 Kc6 38. Ra8 Nd7 39. Rg8 Ne5
40. Bxe5 dxe5 41. Rb8 Kd5 42. Rxb6 Rxc3 43. Qf7+ Kc5 44. Qc7+ Kd5 45. Rd6# 1-0

[Event "AUS-op"]
[Site "Tuggeranong AUS"]
[Date "2007.01.01"]
[Round "4"]
[White "Zhao, Zong Yuan"]
[Black "Bluvshtein, Mark"]
[Result "1-0"]
[WhiteElo "2455"]
[BlackElo "2541"]
[PlyCount "87"]
[EventDate "2006.12.28"]
[EventType "swiss"]
[EventRounds "11"]
[EventCountry "AUS"]
[Source "Mark Crowther"]
[SourceDate "2007.01.15"]

1. d4 Nf6 2. c4 e6 3. g3 c5 4. Nf3 cxd4 5. Nxd4 Nc6 6. Bg2 Qb6 7. Nb3 Be7 8.
O-O Ne5 9. c5 Bxc5 10. Bf4 Bxf2+ 11. Rxf2 Neg4 12. Qd4 Nxf2 13. Qxb6 axb6 14.
Kxf2 d5 15. Nc3 Bd7 16. Bf3 Bc6 17. Bc7 Nd7 18. e4 dxe4 19. Nxe4 O-O 20. Nd6
Ra4 21. a3 Bxf3 22. Kxf3 Ne5+ 23. Ke2 Nc4 24. Rc1 Nxd6 25. Bxd6 Re8 26. Rc7 Ra7
27. Ke3 h6 28. Nd4 Ra5 29. Rxb7 Rd8 30. Rxb6 Rd5 31. Nb5 Rd1 32. a4 Re1+ 33.
Kd2 Ra1 34. Na3 Kh7 35. a5 Rh1 36. a6 Rxh2+ 37. Kc3 Rh5 38. a7 Ra5 39. Bb8 Rd7
40. Nb5 e5 41. b4 Ra2 42. Kb3 Ra1 43. Rd6 Rb1+ 44. Ka4 1-0

[Event "AUS-op"]
[Site "Tuggeranong AUS"]
[Date "2007.01.02"]
[Round "5"]
[White "Antic, Dejan"]
[Black "Bluvshtein, Mark"]
[Result "0-1"]
[WhiteElo "2437"]
[BlackElo "2541"]
[PlyCount "114"]
[EventDate "2006.12.28"]
[EventType "swiss"]
[EventRounds "11"]
[EventCountry "AUS"]
[Source "Mark Crowther"]
[SourceDate "2007.01.15"]

1. d4 Nf6 2. c4 e6 3. Nf3 c5 4. d5 exd5 5. cxd5 d6 6. Nc3 g6 7. e4 a6 8. Qe2
Qe7 9. e5 dxe5 10. Qxe5 b5 11. Be2 Nbd7 12. Qc7 Qd6 13. Qc6 Rb8 14. O-O Bb7 15.
Qxd6 Bxd6 16. Bxb5 axb5 17. Nxb5 Be7 18. Bf4 O-O 19. Bxb8 Rxb8 20. d6 Bf8 21.
a4 Ba6 22. Nd2 Bxb5 23. axb5 Rxb5 24. Nc4 Nb6 25. Ra5 Rxa5 26. Nxa5 Bxd6 27.
Rc1 Nfd7 28. Kf1 f5 29. Ke2 Kf7 30. Nc4 Nxc4 31. Rxc4 Ke6 32. h3 h5 33. Ra4 g5
34. Ra8 Nf6 35. b3 Be7 36. Rh8 Ke5 37. Rb8 Nd5 38. Rb7 Nf4+ 39. Kf1 Ke6 40. Rb8
Kd5 41. Re8 Bd6 42. Rg8 Ne6 43. Ke1 Be5 44. Kd1 Bd4 45. Ke2 Bf6 46. Rb8 Be5 47.
Rb7 Nf4+ 48. Kf1 g4 49. hxg4 hxg4 50. Rf7 Ke6 51. Rf8 Bd4 52. f3 g3 53. Rg8 Bf2
54. b4 cxb4 55. Re8+ Kd5 56. Re5+ Kd4 57. Rxf5 Nd5 0-1

[Event "AUS-op"]
[Site "Tuggeranong AUS"]
[Date "2007.01.03"]
[Round "6"]
[White "Bluvshtein, Mark"]
[Black "Johansen, Darryl"]
[Result "1/2-1/2"]
[WhiteElo "2541"]
[BlackElo "2458"]
[PlyCount "82"]
[EventDate "2006.12.28"]
[EventType "swiss"]
[EventRounds "11"]
[EventCountry "AUS"]
[Source "Mark Crowther"]
[SourceDate "2007.01.15"]

1. d4 Nf6 2. c4 e6 3. Nc3 Bb4 4. e3 Nc6 5. Nf3 d5 6. a3 Bxc3+ 7. bxc3 O-O 8.
Bd3 b6 9. cxd5 exd5 10. O-O Bb7 11. a4 Re8 12. Qc2 Qc8 13. Ng5 g6 14. f3 Ba6
15. e4 Bxd3 16. Qxd3 Qd7 17. e5 Nh5 18. f4 Ng7 19. h3 h6 20. Nf3 h5 21. Nh4 Ne7
22. f5 Nexf5 23. Nxf5 Nxf5 24. Bg5 Ng7 25. Ra2 Re6 26. g4 c5 27. Raf2 Rf8 28.
Bh6 Kh7 29. Qd2 cxd4 30. cxd4 Qe7 31. gxh5 Qh4 32. Bg5 Qxh5 33. Rxf7 Rxf7 34.
Rxf7 Kg8 35. Rxa7 Qxh3 36. Ra8+ Re8 37. Rxe8+ Nxe8 38. Qg2 Qe6 39. Kh2 Ng7 40.
Bf6 Kf7 41. Bxg7 Kxg7 1/2-1/2

[Event "AUS-op"]
[Site "Tuggeranong AUS"]
[Date "2007.01.04"]
[Round "7"]
[White "Rujevic, Mirko"]
[Black "Bluvshtein, Mark"]
[Result "0-1"]
[WhiteElo "2278"]
[BlackElo "2541"]
[PlyCount "92"]
[EventDate "2006.12.28"]
[EventType "swiss"]
[EventRounds "11"]
[EventCountry "AUS"]
[Source "Mark Crowther"]
[SourceDate "2007.01.15"]

1. e4 c5 2. Nc3 Nc6 3. f4 e6 4. Nf3 d5 5. Bb5 Nge7 6. Qe2 d4 7. Nd1 a6 8. Bxc6+
Nxc6 9. d3 Be7 10. O-O b6 11. Nf2 Bb7 12. a3 Qd7 13. Bd2 f6 14. c3 O-O 15. Rab1
b5 16. Rfc1 Rfd8 17. c4 bxc4 18. Rxc4 a5 19. Rcc1 a4 20. Qe1 Rdb8 21. b3 Bc8
22. Qd1 axb3 23. Rxb3 Rxb3 24. Qxb3 Rb8 25. Qc4 Qb7 26. g4 Qb3 27. e5 Qxc4 28.
Rxc4 fxe5 29. Ra4 Rb1+ 30. Kg2 Bb7 31. Kg3 exf4+ 32. Bxf4 e5 33. Bd2 h6 34. h4
Kf7 35. g5 h5 36. Ne1 Ke6 37. Rc4 Rb3 38. a4 Ba6 39. Rc1 c4 40. g6 Ba3 41. Rc2
c3 42. Bc1 Bxc1 43. Rxc1 Nb4 44. Ne4 Kf5 45. Nc5 Rb2 46. Kf3 Bxd3 0-1

[Event "AUS-op"]
[Site "Tuggeranong AUS"]
[Date "2007.01.07"]
[Round "9"]
[White "Stojic, Dusan"]
[Black "Bluvshtein, Mark"]
[Result "0-1"]
[WhiteElo "2204"]
[BlackElo "2541"]
[PlyCount "94"]
[EventDate "2006.12.28"]
[EventType "swiss"]
[EventRounds "11"]
[EventCountry "AUS"]
[Source "Mark Crowther"]
[SourceDate "2007.01.15"]

1. e4 c5 2. Nf3 d6 3. d4 cxd4 4. Nxd4 Nf6 5. Nc3 a6 6. Bg5 e6 7. f4 Nbd7 8. Qf3
Qc7 9. O-O-O Be7 10. g4 h6 11. Bxf6 Bxf6 12. h4 Qb6 13. Nde2 Be7 14. g5 hxg5
15. hxg5 Rxh1 16. Qxh1 Nf8 17. Nd4 g6 18. Kb1 Bd7 19. e5 dxe5 20. fxe5 O-O-O
21. Ne4 Ba4 22. Qf3 Kb8 23. Nd6 Bxd6 24. exd6 Rxd6 25. Qf4 Ka8 26. b3 Nd7 27.
Qxf7 Rxd4 28. Rxd4 Qxd4 29. bxa4 Nc5 30. Bg2 Qb4+ 31. Kc1 Qe1+ 32. Kb2 Qe5+ 33.
Kb1 Qxg5 34. a5 Qe5 35. Qxg6 Qe1+ 36. Kb2 Qb4+ 37. Kc1 Qxa5 38. Qg7 Qe1+ 39.
Kb2 Qe3 40. Kb1 Ka7 41. Qg4 Qc3 42. Qf3 Qb4+ 43. Kc1 Qd4 44. c3 Qg1+ 45. Kb2
Qe1 46. Bh1 Qd2+ 47. Kb1 e5 0-1

[Event "AUS-op"]
[Site "Tuggeranong AUS"]
[Date "2007.01.09"]
[Round "11"]
[White "Oliver, Gareth"]
[Black "Bluvshtein, Mark"]
[Result "0-1"]
[WhiteElo "2146"]
[BlackElo "2541"]
[PlyCount "78"]
[EventDate "2006.12.28"]
[EventType "swiss"]
[EventRounds "11"]
[EventCountry "AUS"]
[Source "Mark Crowther"]
[SourceDate "2007.01.15"]

1. d4 Nf6 2. c4 e6 3. Nc3 Bb4 4. e3 O-O 5. Bd3 b6 6. Nf3 d5 7. O-O Bb7 8. a3
Bd6 9. Qc2 dxc4 10. Bxc4 Bxf3 11. gxf3 Nbd7 12. Ne4 Nxe4 13. Qxe4 c5 14. dxc5
Nxc5 15. Qg4 Qc7 16. Qh4 Rad8 17. b4 Nd7 18. Bd3 f5 19. Bb2 Be5 20. Rac1 Qb7
21. Bxe5 Nxe5 22. Be2 Nxf3+ 23. Bxf3 Qxf3 24. Qe7 Qg4+ 25. Kh1 f4 26. f3 Qh3
27. Rf2 fxe3 28. Rg2 g6 29. Rg3 Qf5 30. Re1 Rd3 31. Qxa7 Qd5 32. Rh3 Rf7 33.
Qb8+ Kg7 34. Kg1 Rd1 35. Qg3 Qd2 36. Qe5+ Kg8 37. Rxd1 Qxd1+ 38. Kg2 Qe2+ 39.
Kg3 Qxf3+ 0-1

[Event "CAN-ch"]
[Site "Toronto CAN"]
[Date "2006.08.19"]
[Round "2"]
[White "Bluvshtein, Mark"]
[Black "Dougherty, Michael"]
[Result "1/2-1/2"]
[WhiteElo "2541"]
[BlackElo "2186"]
[PlyCount "133"]
[EventDate "2006.08.18"]
[EventType "swiss"]
[EventRounds "9"]
[EventCountry "CAN"]
[Source "Mark Crowther"]
[SourceDate "2006.08.21"]

1. e4 c5 2. Nf3 d6 3. d4 cxd4 4. Nxd4 Nf6 5. Nc3 g6 6. Be3 Bg7 7. f3 Nc6 8. Qd2
O-O 9. g4 Bxg4 10. fxg4 Nxg4 11. Bg1 e6 12. Nf3 Rc8 13. h3 Bxc3 14. bxc3 Nce5
15. Nxe5 Qh4+ 16. Bf2 Nxf2 17. Nf3 Nd3+ 18. Kd1 Nb2+ 19. Kc1 Qxe4 20. Kxb2 Qxf3
21. Bg2 Qg3 22. h4 Rc5 23. h5 Rb5+ 24. Kc1 Rc8 25. hxg6 hxg6 26. a4 Rbc5 27.
Rh3 Qg4 28. Ra2 Rg5 29. Rh2 d5 30. Rb2 Re5 31. Rb4 Qg3 32. Rh3 Qg5 33. Qxg5
Rxg5 34. Bf1 b6 35. Rf3 Kg7 36. a5 bxa5 37. Rb7 Rf5 38. Rxf5 gxf5 39. Kd2 Rc5
40. Bb5 Kf6 41. Be8 Ke5 42. Bxf7 f4 43. Rxa7 Kf6 44. Be8 Rc4 45. Bb5 Rc5 46.
Be8 Rc4 47. Rxa5 f3 48. Ra7 Kg5 49. Bb5 Rf4 50. Ke3 e5 51. Re7 Rf5 52. Bd3 e4
53. Bf1 Kf6 54. Rh7 Ke5 55. Rh2 Rg5 56. Rd2 Rg1 57. Rd1 Rh1 58. Ra1 Rh2 59. Ra5
Rxc2 60. c4 Rc3+ 61. Kd2 Rb3 62. Rxd5+ Kf4 63. Rd4 Ke5 64. Rd8 e3+ 65. Kc2 Ra3
66. Kb2 Ra7 67. Bd3 1/2-1/2

[Event "CAN-ch"]
[Site "Toronto CAN"]
[Date "2006.08.20"]
[Round "3"]
[White "Reeve, Jeff"]
[Black "Bluvshtein, Mark"]
[Result "0-1"]
[WhiteElo "2252"]
[BlackElo "2541"]
[PlyCount "54"]
[EventDate "2006.08.18"]
[EventType "swiss"]
[EventRounds "9"]
[EventCountry "CAN"]
[Source "Mark Crowther"]
[SourceDate "2006.08.21"]

1. e4 c5 2. Nf3 d6 3. d4 cxd4 4. Nxd4 Nf6 5. Nc3 a6 6. Be3 e5 7. Nb3 Be6 8. f3
Nbd7 9. g4 Nb6 10. g5 Nfd7 11. Qd2 Be7 12. O-O-O O-O 13. Kb1 Rc8 14. h4 f5 15.
exf5 Bxf5 16. Bd3 Bxd3 17. Qxd3 Rxf3 18. Qe4 Rf8 19. Qxb7 Qc7 20. Qxa6 d5 21.
Nxd5 Qxc2+ 22. Ka1 Ra8 23. Nxe7+ Kh8 24. Qb5 Nc4 25. Rd2 Nxd2 26. Bxd2 Rfb8 27.
Qd5 Nc5 0-1

[Event "CAN-ch"]
[Site "Toronto CAN"]
[Date "2006.08.21"]
[Round "4"]
[White "Bluvshtein, Mark"]
[Black "Huber, Greg"]
[Result "1-0"]
[WhiteElo "2541"]
[BlackElo "2245"]
[PlyCount "143"]
[EventDate "2006.08.18"]
[EventType "swiss"]
[EventRounds "9"]
[EventCountry "CAN"]
[Source "Mark Crowther"]
[SourceDate "2006.08.28"]

1. d4 Nf6 2. c4 e6 3. Nc3 Bb4 4. e3 b6 5. Nge2 c5 6. a3 Ba5 7. Rb1 Na6 8. d5
Bb7 9. g3 exd5 10. Bg2 Rb8 11. cxd5 b5 12. O-O b4 13. axb4 Nxb4 14. e4 O-O 15.
e5 Ng4 16. f4 c4 17. Nd4 Bb6 18. h3 Nd3 19. Qxg4 Bxd4+ 20. Kh2 Bxc3 21. bxc3
Bxd5 22. Ba3 h5 23. Qe2 Bxg2 24. Qxg2 Re8 25. Qd5 Rxb1 26. Rxb1 h4 27. Bd6
hxg3+ 28. Kxg3 Nxf4 29. Kxf4 Qh4+ 30. Ke3 Qxh3+ 31. Qf3 Qh6+ 32. Kf2 Qd2+ 33.
Kf1 Qc2 34. Re1 Re6 35. Qa8+ Kh7 36. Qe4+ Qxe4 37. Rxe4 f6 38. Bb8 fxe5 39.
Rxc4 Kg6 40. Rg4+ Kf5 41. Rxg7 Rc6 42. Rg3 Kf4 43. Rd3 a5 44. Ke2 a4 45. Kd2 a3
46. Rd4+ Kf5 47. Rd5 d6 48. Ra5 Rb6 49. Bc7 Rc6 50. Bd8 d5 51. Kd3 e4+ 52. Kd4
a2 53. Kxd5 Rc8 54. Kd4+ Kf4 55. Bg5+ Kg4 56. Bc1 Kf3 57. c4 Rd8+ 58. Kc3 e3
59. Rxa2 Rd1 60. Bxe3 Kxe3 61. Rc2 Rd3+ 62. Kb4 Kd4 63. c5 Rd1 64. c6 Rb1+ 65.
Ka5 Ra1+ 66. Kb6 Rb1+ 67. Ka6 Ra1+ 68. Kb7 Rb1+ 69. Kc8 Kd5 70. c7 Rh1 71. Kd8
Rh8+ 72. Ke7 1-0

[Event "CAN-ch"]
[Site "Toronto CAN"]
[Date "2006.08.26"]
[Round "9"]
[White "Gerzhoy, Leonid"]
[Black "Bluvshtein, Mark"]
[Result "1/2-1/2"]
[WhiteElo "2386"]
[BlackElo "2541"]
[PlyCount "116"]
[EventDate "2006.08.18"]
[EventType "swiss"]
[EventRounds "9"]
[EventCountry "CAN"]
[Source "Mark Crowther"]
[SourceDate "2006.08.28"]

1. Nf3 Nf6 2. c4 e6 3. g3 d5 4. d4 dxc4 5. Bg2 Nc6 6. Qa4 Nd7 7. Qxc4 Nb6 8.
Qd3 e5 9. Nxe5 Nb4 10. Qc3 Qxd4 11. O-O Bc5 12. Nf3 Qxc3 13. Nxc3 O-O 14. Bf4
N4d5 15. Nxd5 Nxd5 16. Be5 f6 17. Bd4 Be7 18. Rac1 c6 19. Bc5 Bxc5 20. Rxc5 Rd8
21. Rcc1 Nc7 22. e3 Bg4 23. Nd4 Ne6 24. Nb3 a5 25. f3 a4 26. Na1 Bf5 27. e4 Bg6
28. Rfd1 Kf8 29. Nc2 Ke7 30. Kf2 Bf7 31. Bf1 Nc7 32. a3 g6 33. Ke3 Rxd1 34.
Rxd1 c5 35. Rc1 Kd6 36. Rd1+ Ke7 37. Rc1 Ne8 38. Ne1 b6 39. f4 Nd6 40. Nf3 Rc8
41. e5 Nf5+ 42. Kf2 Rd8 43. Re1 Bb3 44. Bh3 Nd4 45. exf6+ Kxf6 46. Ng5 h6 47.
Ne4+ Kf7 48. Nc3 b5 49. Ne4 Be6 50. Bf1 c4 51. Rd1 Ke7 52. Nc3 Rd7 53. Bg2 Nb3
54. Rxd7+ Bxd7 55. Ke3 Nc5 56. Be4 Be8 57. Bc2 Kd6 58. Bb1 Ne6 1/2-1/2

[Event "CAN-op"]
[Site "Kitchener CAN"]
[Date "2006.07.15"]
[Round "1"]
[White "Lacau Rodean, Iulia"]
[Black "Bluvshtein, Mark"]
[Result "0-1"]
[WhiteElo "2071"]
[BlackElo "2531"]
[PlyCount "72"]
[EventDate "2006.07.15"]
[EventType "swiss"]
[EventRounds "9"]
[EventCountry "CAN"]

1. e4 c5 2. Nf3 d6 3. g3 Nc6 4. Bg2 g6 5. O-O Bg7 6. d3 e5 7. Be3 Nge7 8. Nc3
O-O 9. Qd2 f5 10. Bh6 f4 11. Bxg7 Kxg7 12. Ne2 fxg3 13. fxg3 Bg4 14. h3 Bxf3
15. Rxf3 Rxf3 16. Bxf3 Qb6 17. c3 Rf8 18. Kg2 Qa5 19. h4 h6 20. Bg4 Ng8 21. Be6
Nf6 22. Qc2 Qc7 23. Rf1 Qe7 24. Bh3 d5 25. Ng1 c4 26. dxc4 dxe4 27. b4 Rd8 28.
Rd1 b6 29. Rd2 e3 30. Re2 e4 31. Rxe3 Ne5 32. Qb3 Rd2+ 33. Re2 Rd3 34. Kh2
Neg4+ 35. Bxg4 Nxg4+ 36. Kg2 Qe5 0-1

[Event "CAN-op"]
[Site "Kitchener CAN"]
[Date "2006.07.16"]
[Round "2"]
[White "Bluvshtein, Mark"]
[Black "Zubac, Marius"]
[Result "1/2-1/2"]
[WhiteElo "2531"]
[BlackElo "2217"]
[PlyCount "57"]
[EventDate "2006.07.15"]
[EventType "swiss"]
[EventRounds "9"]
[EventCountry "CAN"]

1. d4 d5 2. c4 e6 3. Nc3 c6 4. e4 Bb4 5. cxd5 exd5 6. e5 Ne7 7. a3 Bxc3+ 8.
bxc3 c5 9. Bd3 Nbc6 10. Ne2 Bf5 11. O-O O-O 12. Ng3 Bxd3 13. Qxd3 Qd7 14. f4 f6
15. exf6 c4 16. Qf3 Rxf6 17. f5 h6 18. Qg4 Raf8 19. h3 R8f7 20. Bf4 Nxf5 21.
Nh5 Re6 22. Rae1 Kh7 23. Rxe6 Qxe6 24. Bd2 Nce7 25. Nf4 Qf6 26. Re1 Qh4 27. Ne6
Ng6 28. Qxh4 Ngxh4 29. a4 1/2-1/2

[Event "CAN-op"]
[Site "Kitchener CAN"]
[Date "2006.07.18"]
[Round "4"]
[White "Kraai, Jesse"]
[Black "Bluvshtein, Mark"]
[Result "1/2-1/2"]
[WhiteElo "2473"]
[BlackElo "2531"]
[PlyCount "37"]
[EventDate "2006.07.15"]
[EventType "swiss"]
[EventRounds "9"]
[EventCountry "CAN"]

1. Nf3 d5 2. d4 Nf6 3. c4 e6 4. Nc3 c6 5. Bg5 h6 6. Bxf6 Qxf6 7. Qd2 dxc4 8.
Ne5 Nd7 9. Nxc4 Bb4 10. a3 Bxc3 11. bxc3 O-O 12. e3 e5 13. Be2 exd4 14. cxd4 c5
15. O-O cxd4 16. exd4 Rd8 17. Rfd1 Nb6 18. Nxb6 Qxb6 19. Bf3 1/2-1/2

[Event "CAN-op"]
[Site "Kitchener CAN"]
[Date "2006.07.20"]
[Round "6"]
[White "Bluvshtein, Mark"]
[Black "Gokhale, Chandrashekhar"]
[Result "1/2-1/2"]
[WhiteElo "2541"]
[BlackElo "2371"]
[PlyCount "164"]
[EventDate "2006.07.15"]
[EventType "swiss"]
[EventRounds "9"]
[EventCountry "CAN"]

1. d4 d5 2. c4 e6 3. Nc3 Nf6 4. Nf3 Be7 5. Bg5 Nbd7 6. e3 c6 7. Bd3 O-O 8. O-O
dxc4 9. Bxc4 b5 10. Bd3 a6 11. e4 c5 12. e5 Nd5 13. Bxe7 Qxe7 14. Nxd5 exd5 15.
Bc2 c4 16. Nd2 f6 17. Qh5 g6 18. exf6 Nxf6 19. Qg5 Qg7 20. Rae1 Bb7 21. Re5 Rf7
22. Nf3 Raf8 23. Qd2 h6 24. a4 bxa4 25. Bxa4 Ne4 26. Qe3 Rc7 27. Nd2 Nd6 28.
Bc2 Rf6 29. Nb1 Nf7 30. Re8+ Kh7 31. Nc3 Bc6 32. Qg3 Rd6 33. Re2 Rb7 34. h4 h5
35. Rfe1 Rxb2 36. Qf3 Kh8 37. Nd1 Rb7 38. Re6 Bd7 39. Rxd6 Nxd6 40. Qxd5 Qf6
41. Nc3 Rb2 42. Re2 Bf5 43. Bxf5 Rxe2 44. Nxe2 Nxf5 45. g3 c3 46. Qc5 Qe7 47.
Nxc3 Qxc5 48. dxc5 Kg7 49. Kf1 Nd4 50. Nd5 a5 51. Nb6 Kf6 52. f3 Ke6 53. Kf2
Nb3 54. c6 Kd6 55. g4 Kxc6 56. Na4 Nc5 57. Nc3 a4 58. Ke3 a3 59. gxh5 gxh5 60.
Kf4 Na4 61. Na2 Kc5 62. Kg5 Kc4 63. f4 Nc3 64. f5 Nxa2 65. f6 Nc3 66. f7 Ne4+
67. Kg6 a2 68. f8=Q a1=Q 69. Qf7+ Kd3 70. Qd7+ Ke2 71. Qb5+ Kf3 72. Qf5+ Ke3
73. Qh3+ Ke2 74. Qe6 Qd4 75. Kxh5 Kf2 76. Kg6 Kf3 77. Qf5+ Kg3 78. h5 Qd6+ 79.
Kg7 Qe7+ 80. Kg6 Qe8+ 81. Kg7 Qe7+ 82. Kg6 Qe8+ 1/2-1/2

[Event "CAN-op"]
[Site "Kitchener CAN"]
[Date "2006.07.21"]
[Round "7"]
[White "Mikanovic, Goran"]
[Black "Bluvshtein, Mark"]
[Result "0-1"]
[WhiteElo "2284"]
[BlackElo "2541"]
[PlyCount "100"]
[EventDate "2006.07.15"]
[EventType "swiss"]
[EventRounds "9"]
[EventCountry "CAN"]

1. d4 Nf6 2. c4 e6 3. Nc3 Bb4 4. Qc2 d5 5. cxd5 exd5 6. Bg5 h6 7. Bxf6 Qxf6 8.
a3 Bxc3+ 9. Qxc3 O-O 10. e3 Bf5 11. Ne2 Rc8 12. Ng3 Be6 13. Rc1 Nd7 14. b4 c6
15. Bd3 b5 16. O-O Nb6 17. f3 Nc4 18. Bxc4 bxc4 19. e4 a5 20. e5 Qg6 21. Rf2
axb4 22. axb4 Ra4 23. Rb2 Qg5 24. Rf2 Qg6 25. Rb2 Bd7 26. Ne2 Rca8 27. Qd2 Ra1
28. Nf4 Qf5 29. Rbc2 g5 30. Ne2 Qd3 31. Kf2 Qxd2 32. Rxd2 Bf5 33. Rxa1 Rxa1 34.
Rb2 Bd3 35. g4 Rh1 36. Kg2 Rd1 37. Kf2 Bxe2 38. Kxe2 Rxd4 39. b5 cxb5 40. Rxb5
c3 41. Rb8+ Kg7 42. Rc8 Rd2+ 43. Ke1 d4 44. h3 Rh2 45. Kd1 Rxh3 46. Rd8 Rxf3
47. Rxd4 Rf4 48. Rd3 Rxg4 49. Rxc3 Rd4+ 50. Kc2 Rd5 0-1

[Event "CAN-op"]
[Site "Kitchener CAN"]
[Date "2006.07.22"]
[Round "8"]
[White "Bluvshtein, Mark"]
[Black "Kunte, Abhijit"]
[Result "1/2-1/2"]
[WhiteElo "2541"]
[BlackElo "2535"]
[PlyCount "137"]
[EventDate "2006.07.15"]
[EventType "swiss"]
[EventRounds "9"]
[EventCountry "CAN"]

1. e4 c5 2. Nf3 e6 3. c4 Nc6 4. Nc3 Nf6 5. Be2 d6 6. d4 cxd4 7. Nxd4 Be7 8. O-O
Bd7 9. Be3 O-O 10. Qd2 Nxd4 11. Bxd4 Bc6 12. f3 Nd7 13. Rfd1 b6 14. Qe1 Re8 15.
Qg3 Bf8 16. Nb5 Qb8 17. Bc3 Bxb5 18. cxb5 Nc5 19. Bc4 Rc8 20. b3 a6 21. Qe1 a5
22. Rac1 Qb7 23. Rd2 a4 24. Bb2 axb3 25. axb3 Rd8 26. Rcd1 Rac8 27. Qg3 Qe7 28.
h3 Nb7 29. f4 Nc5 30. Qf3 Nxe4 31. Qxe4 d5 32. Bxd5 exd5 33. Qxe7 Bxe7 34. Rxd5
Rxd5 35. Rxd5 Rc2 36. Rd7 Bh4 37. Be5 f6 38. Bd4 Bg3 39. Kf1 Rc1+ 40. Ke2 Rb1
41. Kd3 Bxf4 42. Kc2 Rc1+ 43. Kb2 Rc7 44. Rd8+ Kf7 45. Bxb6 Rb7 46. Bc5 Rxb5
47. b4 Ke6 48. Kb3 Rb8 49. Rd3 h5 50. Kc4 Ra8 51. b5 Ra2 52. b6 Rxg2 53. Kb5
Rg3 54. Rxg3 Bxg3 55. Kc6 Bb8 56. Kb7 Be5 57. Kc8 Kd5 58. Bf2 g5 59. b7 g4 60.
hxg4 hxg4 61. Bb6 g3 62. Bc7 Bxc7 63. Kxc7 g2 64. b8=Q g1=Q 65. Qd8+ Ke5 66.
Qd6+ Kf5 67. Qd5+ Kf4 68. Qc4+ Ke5 69. Qb5+ 1/2-1/2